Matemáticas II: (Registro nro. 29143)
[ vista simple ]
| 000 -LÍDER | |
|---|---|
| fixed length control field | 00575nam a22002177a 4500 |
| 003 - IDENTIFICADOR DEL NÚMERO DE CONTROL | |
| control field | ITZ |
| 005 - FECHA Y HORA DE LA ULTIMA TRANSACCIÓN | |
| Campo de control | 20230919183049.0 |
| 008 - ELEMENTOS DE LONGITUD FIJA -- INFORMACIÓN GENERAL | |
| fixed length control field | 230919b |||||||| |||| 00| 0 spa d |
| 020 ## - NÚMERO INTERNACIONAL NORMALIZADO PARA LIBROS | |
| ISBN | 978-607-526-650-3 |
| 035 ## - Número de ficha (Janium) | |
| Número de ficha (Janium) | 17526 |
| 041 ## - CÓDIGO DE IDIOMA | |
| Código de idioma para texto/pista de sonido o título separado | spa |
| 050 ## - SIGNATURA TOPOGRAFICA DE LA BIBLIOTECA DEL CONGRESO (LC) | |
| Número de Clasificación | QA309 |
| Cutter | L3718 2018 |
| 082 ## - NUMERO DE CLASIFICACION DECIMAL DEWEY | |
| Número de Clasificación | 515.33 |
| Cutter | L134m 2018 |
| 100 1# - ASIENTO PRINCIPAL--NOMBRE PERSONAL | |
| Nombre personal | Larson, Ron |
| 245 ## - TÍTULO | |
| Título | Matemáticas II: |
| Parte restante del título | Cálculo integral |
| Mención de responsabilidad, etc. | Ron Larson |
| 250 ## - MENCIÓN DE EDICIÓN | |
| Mención de edición | 1 |
| 260 ## - PUBLICACIÓN, DISTRIBUCIÓN, ETC. (PIE DE IMPRENTA) | |
| Lugar de publicación, distribución, etc. | México |
| Nombre del editor, distribuidor, etc. | Cengage Learning |
| Fecha de publicación, distribución, etc. | 2018 |
| 300 ## - DESCRIPCIÓN FÍSICA | |
| Extensión | vii, 344 p., il. / |
| Dimensiones | 27 cm. |
| 650 ## - ASIENTO SECUNDARIO DE MATERIA - TERMINO TEMÁTICO | |
| Término temático o nombre geográfico como elemento de entrada | 1. CALCULO INTEGRAL / 2. MATEMATICAS II |
| 942 ## - TIPO DE MATERIAL (KOHA) | |
| Koha item type | Libros |
| No. biblioteca | No. biblioteca | Número de clasificación | Código de barras/Número de adquisición | Número de copia | Tipo de material | Otras carreras |
|---|---|---|---|---|---|---|
| ÁREA DE BÁSICAS | LUIS G. INCLAN | 515.33 L134m 2018 | 54152 | 1 | Libros | ÁREA DE ELECTROMECÁNICA |
| ÁREA DE BÁSICAS | LUIS G. INCLAN | 515.33 L134m 2018 | 54153 | 2 | Libros | ÁREA DE ELECTROMECÁNICA |
| ÁREA DE BÁSICAS | LUIS G. INCLAN | 515.33 L134m 2018 | 54154 | 3 | Libros | ÁREA DE ELECTROMECÁNICA |
| ÁREA DE BÁSICAS | LUIS G. INCLAN | 515.33 L134m 2018 | 54155 | 4 | Libros | ÁREA DE ELECTROMECÁNICA |
| ÁREA DE BÁSICAS | LUIS G. INCLAN | 515.33 L134m 2018 | 55012 | 5 | Libros | LUIS G. INCLAN |
| ÁREA DE BÁSICAS | LUIS G. INCLAN | 515.33 L134m 2018 | 55013 | 6 | Libros | LUIS G. INCLAN |
| ÁREA DE BÁSICAS | LUIS G. INCLAN | 515.33 L134m 2018 | 55014 | 7 | Libros | LUIS G. INCLAN |
